000 00538nam a2200181Ia 4500
001 9016
005 20260306160652.0
008 260306t2007||||xx |||||||||||||| ||spa||
041 _aESP
082 _a372.218
_bP63 2007
100 _aPitluk, Laura
_eAUT
245 0 _aLa planificación didáctica en el jardín de infantes:
_bLas unidades didácticas, los proyectos y las secuencias didácticas. El juego trabajo
260 _c2007
300 _a208 páginas :
_c22 cm.
650 _aGEN
654 _aCED
942 _cLIB
_dJUS
_fJUS
_2ddc
_n
999 _c9016
_d9016